00634cam a22001451 4500999001700000008004100017050002500058100002200083245002100105260003600126300002900162500013800191942003500329952012400364 c18420d18420720504s1960 nyuaf 000 0beng 00aNA1088.M57 bV6 19601 aEckardt, Wolf von00aEric Mendelsohn/ aNew York:bG. Braziller,c1960. a128 p. :bill. ;c26 cm. a"Selected bibliography of books and articles written by Eric Mendelsohn": p. 119. "Selected bibliography on Eric Mendelsohn": p. 121. 2lcccBOOKShNA1088.M57 V6 1960 00102lcc4070aMUCbMUCcTECHd2016-12-19eDonation(BFA)l0oNA1088.M57 V6 1960p28968r2018-06-08w2016-12-19yBOOKS